Just-In-Time prináša výrobnú i marketingovú flexibilitu
Stručná charakteristika výrobného systému JIT, ktorý sa dnes uplatňuje vo vnútrofiremných a medzifiremných vzťahoch. Výmenné vzťahy JIT vyžadujú integráciu inžinierskych, nákupných, výrobných, manažérskych, materiálových a marketingových systémov dodávateľa a odberateľa pre zefektívnenie tovarovo-ma...
Gespeichert in:
| 1. Verfasser: | |
|---|---|
| Format: | Buchkapitel |
| Sprache: | Slowakisch |
| Schlagworte: | |
| Tags: |
Keine Tags, Fügen Sie das erste Tag hinzu!
|
MARC
| LEADER | 00000naa a2200000 4500 | ||
|---|---|---|---|
| 001 | r000345 | ||
| 005 | 20240628124413.2 | ||
| 041 | 0 | |a slo | |
| 044 | |a SK | ||
| 245 | 1 | 0 | |a Just-In-Time prináša výrobnú i marketingovú flexibilitu |c Nguyen Quyet Thang |
| 520 | |a Stručná charakteristika výrobného systému JIT, ktorý sa dnes uplatňuje vo vnútrofiremných a medzifiremných vzťahoch. Výmenné vzťahy JIT vyžadujú integráciu inžinierskych, nákupných, výrobných, manažérskych, materiálových a marketingových systémov dodávateľa a odberateľa pre zefektívnenie tovarovo-materiálového toku. Ako skrátiť priebežný čas. Zásobovacia politika. Jedinečnosť japonského JIT. | ||
| 610 | 2 | 0 | |a JIT |
| 610 | 2 | 0 | |a riadenie operatívne |
| 610 | 2 | 0 | |a marketing |
| 610 | 2 | 0 | |a dodávatelia |
| 610 | 2 | 0 | |a odberatelia |
| 610 | 2 | 0 | |a tok materiálu |
| 610 | 2 | 0 | |a tok tovaru |
| 610 | 2 | 0 | |a riadenie výroby |
| 100 | 1 | |a Nguyen Quyet Thang | |